Fundamental of business statistics. / (Record no. 845)
[ view plain ]
| 000 -LEADER | |
|---|---|
| fixed length control field | 01215nam a22001937a 4500 |
| 008 - FIXED-LENGTH DATA ELEMENTS--GENERAL INFORMATION | |
| fixed length control field | 120509t xxu||||| |||| 00| 0 eng d |
| 020 ## - INTERNATIONAL STANDARD BOOK NUMBER | |
| International Standard Book Number | 0324305915 |
| 050 ## - LIBRARY OF CONGRESS CALL NUMBER | |
| Classification number | HF1017.S33 |
| 100 ## - MAIN ENTRY--PERSONAL NAME | |
| Personal name | Sweeney, Dennis J. |
| 245 ## - TITLE STATEMENT | |
| Title | Fundamental of business statistics. / |
| Statement of responsibility, etc. | Dennis J. Sweeney, Thomas A. Williams and David R. Anderson |
| 260 ## - PUBLICATION, DISTRIBUTION, ETC. | |
| Place of publication, distribution, etc. | Canada: |
| Name of publisher, distributor, etc. | Thomson, |
| Date of publication, distribution, etc. | c2006. |
| 300 ## - PHYSICAL DESCRIPTION | |
| Extent | xvi, 641 p.: |
| Other physical details | ill.; |
| Dimensions | 25cm. |
| 500 ## - GENERAL NOTE | |
| General note | Includes index. |
| 505 ## - FORMATTED CONTENTS NOTE | |
| Formatted contents note | Contents: Data and statistics -- Descriptive statistics: tabular and graphical presentations -- Descriptive statistics: numerical measures -- Introduction to probability -- Discrete probability distributions -- Continuous probability distributions -- Sampling and sampling distributions -- Interval estimation -- Hypothesis tests -- Comparisons involving means -- Comparisons involving proportions and a test of independence -- Simple linear regression -- Multiple regression -- Appendix A: References and bibliography -- Appendix B: Tables -- Appendix C: Summation notation -- Appendix D: Self-test solutions and answers to even-numbered. |
| 650 ## - SUBJECT ADDED ENTRY--TOPICAL TERM | |
| Topical term following geographic name entry element | Commercial statistics |
| 700 ## - ADDED ENTRY--PERSONAL NAME | |
| Personal name | Williams, Thomas A. |
| 700 ## - ADDED ENTRY--PERSONAL NAME | |
| Personal name | Anderson, David R. |
| 942 ## - ADDED ENTRY ELEMENTS (KOHA) | |
| Source of classification or shelving scheme | Library of Congress Classification |
| Koha item type | Books |
| Withdrawn status | Lost status | Source of classification or shelving scheme | Damaged status | Not for loan | Home library | Current library | Shelving location | Date acquired | Total Checkouts | Full call number | Barcode | Date last seen | Copy number | Price effective from | Koha item type |
|---|---|---|---|---|---|---|---|---|---|---|---|---|---|---|---|
| Library of Congress Classification | WISCONSIN INTERNATIONAL UNIVERSITY COLLEGE, GHANA - MAIN LIBRARY | WISCONSIN INTERNATIONAL UNIVERSITY COLLEGE, GHANA - MAIN LIBRARY | General Stacks | 09/05/2012 | HF1017.S3 | 2029/12 | 09/05/2012 | 1 | 09/05/2012 | Books | |||||
| Library of Congress Classification | WISCONSIN INTERNATIONAL UNIVERSITY COLLEGE, GHANA - MAIN LIBRARY | WISCONSIN INTERNATIONAL UNIVERSITY COLLEGE, GHANA - MAIN LIBRARY | General Stacks | 09/05/2012 | HF1017.S31 | 2030/12 | 09/05/2012 | 2 | 09/05/2012 | Books | |||||
| Library of Congress Classification | WISCONSIN INTERNATIONAL UNIVERSITY COLLEGE, GHANA - MAIN LIBRARY | WISCONSIN INTERNATIONAL UNIVERSITY COLLEGE, GHANA - MAIN LIBRARY | General Stacks | 09/05/2012 | HF1017.S32 | 2031/12 | 09/05/2012 | 3 | 09/05/2012 | Books | |||||
| Library of Congress Classification | WISCONSIN INTERNATIONAL UNIVERSITY COLLEGE, GHANA - MAIN LIBRARY | WISCONSIN INTERNATIONAL UNIVERSITY COLLEGE, GHANA - MAIN LIBRARY | General Stacks | 09/05/2012 | HF1017.S33 | 2032/12 | 09/05/2012 | 4 | 09/05/2012 | Books |
